LEADER 01876nas 2200397 n 450 001 990008932550403321 005 20240229084428.0 011 $a0037-1106 035 $a000893255 035 $aFED01000893255 035 $a(Aleph)000893255FED01 035 $a000893255 091 $2CNR$aP 00013430 100 $a20161109a19119999km-y0itaa50------ba 101 0 $aeng 102 $aUS 110 $aauu-------- 200 1 $aBulletin of the Seismological Society of America 207 1$a1911- 210 $aBerkeley$cThe Society 326 $aBimestrale 452 0$12001$aBulletin of the Seismological Society of America 530 0 $aBulletin of the Seismological Society of America 675 $a550.34 675 $a528 712 02$aSeismological Society of America 801 0$aIT$bACNP$c20090723 859 4 $uhttp://acnp.cib.unibo.it/cgi-ser/start/it/cnr/dc-p1.tcl?catno=6182&person=false&language=ITALIANO&libr=&libr_th=unina1$zBiblioteche che possiedono il periodico 901 $aSE 912 $a990008932550403321 958 $aBiblioteca del Gruppo Geomineralogico - Università degli studi di Napoli Federico II$b1911-1913;1915-1918;1920-1922;1924-1925;1927-1932;1934;1936;1939;1942;1944;1951-1953;1957-1970;1972-1975;1977-1980;1982-1993;1996-2001;2004-$c1916;1924;1934;1936;1942;1953;1960-1961;1964;1966-1968;1970;1972-1975;1978;1986;1991;$eSc. 8$fGM1 959 $aGM1 996 $aBulletin of the Seismological Society of America$9355678 997 $aUNINA AP1 8 $6866-01$aNA081 Biblioteca del Gruppo Geomineralogico - Università degli studi di Napoli Federico II$bSc. 8$elargo San Marcellino, 10, 80138 Napoli (NA)$m0812538157$nit AP2 40$aacnp.cib.unibo.it$nACNP Italian Union Catalogue of Serials$uhttp://acnp.cib.unibo.it/cgi-ser/start/it/cnr/df-p.tcl?catno=6182&language=ITALIANO&libr=&person=&B=1&libr_th=unina&proposto=NO LEADER 01053nam0-2200313 --450 001 9910845696503321 005 20240422145702.0 010 $a978-88-95868-58-5 020 $aIT$b2022-11046 100 $a20240422d2022----kmuy0itay5050 ba 101 0 $ager$cger 102 $aIT 105 $a 001yy 200 1 $a<>Italien des Alfred Andersch$einterkulturelle und intermediale Konstellationen$fherausgegeben von Arturo Larcati und Lucia Perrone Capano 210 $aRoma$cIstituto italiano di studi germanici$d2022 215 $a247 p.$cill.$d23 cm 225 1 $aConfronti 300 $aRelazioni presentate al Convegno tenuto a Roma nel 2019 610 0 $aAndersch, Alfred <1914-1980>$aRapporti [con l'] Italia 676 $a830.900914$v23 702 1$aPerrone Capano,$bLucia 702 1$aLarcati,$bArturo 801 0$aIT$bUNINA$gREICAT$2UNIMARC 901 $aBK 912 $a9910845696503321 952 $a833.914 ANDE/S 01$b2024/248$fFLFBC 959 $aFLFBC 996 $aItalien des Alfred Andersch$94154047 997 $aUNINA